000 00832pam a2200277 a 4500
001 651807
003 OSt
005 20170215124913.0
008 940325s1994 enka 001 0 eng c
010 _a 94011058
020 _a0815314973
_c$60.00
020 _a0815316917
_c$33.95
040 _aDNLM/DLC
_cDLC
_dDLC
050 0 0 _aQR181
_b.J37 1994
060 1 0 _aQW504 1994
082 0 0 _aQW504 J253l 1994
_220
100 1 _aJaneway, Charles A.;Travers, Paul
_91519
245 1 0 _aImmunobiology :
_bthe immune system in health and disease
260 _aLondon ;
_bGarland Pub. Inc.,
_cc1994.
300 _a1 v. (various pagings) :
_bcol. ill. ;
_c28 cm.
504 _aIncludes index.
650 0 _aImmunology
_91485
650 0 _aImmune diseases
_911577
906 _a7
_bcbc
_corignew
_d1
_eocip
_f19
_gy-gencatlg
942 _2z
_cSLOAN
999 _c591
_d591